Pohľad NATO na RF v 21. storočí bakalárska práca

Saved in:
Bibliographic Details
Main Author: Majtán, Michal
Corporate Author: Fakulta medzinárodných vzťahov EU. Katedra medzinárodných politických vzťahov
Other Authors: Škvrnda, František
Format: Book
Language:Slovak
Published: Bratislava 2019
Tags: Add Tag
No Tags, Be the first to tag this record!

MARC

LEADER 00000nbm a2200000 4500
001 0255142
005 20220726080127.2
041 0 |a slo 
044 |a SK 
245 1 0 |a Pohľad NATO na RF v 21. storočí  |b bakalárska práca  |c Michal Majtán ; školiteľ: František Škvrnda 
264 1 |a Bratislava  |c 2019 
300 |a 60 s. 
100 1 |a Majtán, Michal 
700 1 |a Škvrnda, František 
710 2 |a Fakulta medzinárodných vzťahov EU. Katedra medzinárodných politických vzťahov